| 000 | 00417nam a22001451a 4500 | ||
|---|---|---|---|
| 020 | _a9788185604169 | ||
| 082 |
_a954.14 _bPAR/T |
||
| 245 |
_aTexts of power : _bemerging disciplines in Colonial Bengal/ _cby Partha Chatterjee (ed.) |
||
| 260 |
_aCacutta: _bSamaya, _c1996. |
||
| 300 | _a220p. | ||
| 650 |
_aHistory Bengal _993936 |
||
| 650 |
_aHistory _993937 |
||
| 700 |
_aPartha Chatterjee (ed.) _993938 |
||
| 942 | _cBK | ||
| 999 |
_c46494 _d46494 |
||